Cost Management : Accounting and Control /

Guardado en:
Detalles Bibliográficos
Autor principal: Hansen, Don R. (autor)
Otros autores: Mowen, Maryanne M. (autor) (autor)
Formato: Libro
Idioma:Inglés
Publicado: Singapur : Thomson, 2006, c2006
Edición:5a edición
Colección:(International Student Edition Thomson)
Temas:
Etiquetas: Agrega una etiqueta
Sin etiquetas, Sé el primero en etiquetar este registro!

MARC

LEADER 00000nam^a2200000^a^4500
001 000182390
005 20250521000000.0
009 20260310102004.132
020 |a 0-324-31136-2 
037 |a Acervo ITESO - Biblioteca 
041 |a ING 
082 |a 657. 42  |b HAN 
100 |a Hansen, Don R.  |e (autor) 
240 1 1 |a [Administración de costos: contabilidad y control] 
245 1 0 |a Cost Management :  |b Accounting and Control /  |c D.R. Hansen, M.M. Mowen. 
250 |a 5a edición 
264 4 |a Singapur :  |b Thomson,  |c 2006, c2006 
300 |a XXV, 1004 p. 
336 |a texto  |b txt  |2 rdacontenido 
337 |a sin mediación  |b n  |2 rdamedio 
338 |a volumen  |b nc  |2 rdasoporte 
440 1 |a (International Student Edition Thomson) 
649 |a XX 
650 |a Contabilidad de Costos -  |x Tema Principal 
650 |a Control Interno 
650 |a Toma de Decisiones 
650 |a Proceso Administrativo 
650 |a Contabilidad 
650 |a Ciencias Administrativas 
700 |a Mowen, Maryanne M.  |e (autor) 
910 |a Fondo General 
920 |a Impresos - Libros 
930 |a Colección General 
905 |a 101 
901 |a 0500122368  |b IT1  |c ACC  |u 20250521 
902 |a https://opac.biblio.iteso.mx/vufind/Record/000182390